| 000 | 01659cam a22003494a 4500 | ||
|---|---|---|---|
| 999 |
_c28506 _d28505 |
||
| 001 | 13108858 | ||
| 003 | OSt | ||
| 005 | 20170524231650.0 | ||
| 008 | 030303s2004 enk b 001 0 eng | ||
| 010 | _a 2003042969 | ||
| 020 | _a0333644506 | ||
| 020 | _a0333644514 (pbk.) | ||
| 040 |
_ammu _cmmu _dmmu _beng |
||
| 042 | _apcc | ||
| 050 | 0 | 0 |
_aBR305.3 _b.W35 2004 |
| 082 | 0 | 0 |
_a274 _221 |
| 100 | 1 |
_aWallace, Peter George, _d1952- |
|
| 245 | 1 | 4 |
_aThe long European Reformation : _breligion, political conflict, and the search for conformity, 1350-1750 / _cPeter G. Wallace. |
| 260 |
_aHoundmills, Basingstoke, Hampshire ; _aNew York : _bPalgrave Macmillan, _c2004. |
||
| 300 |
_axi, 268 p. ; _c23 cm. |
||
| 490 | 1 | _aEuropean history in perspective | |
| 504 | _aIncludes bibliographical references (p. 235-245) and index. | ||
| 650 | 0 | _aReformation. | |
| 650 | 0 |
_aChristianity _zEurope. |
|
| 651 | 0 |
_aEurope _xPolitics and government. |
|
| 830 | 0 | _aEuropean history in perspective (Palgrave Macmillan (Firm)) | |
| 856 | 4 | 2 |
_3Contributor biographical information _uhttp://www.loc.gov/catdir/bios/hol053/2003042969.html |
| 856 | 4 | 2 |
_3Publisher description _uhttp://www.loc.gov/catdir/description/hol041/2003042969.html |
| 856 | 4 | 1 |
_3Table of contents _uhttp://www.loc.gov/catdir/toc/hol041/2003042969.html |
| 942 |
_2lcc _cLOAN LOAN |
||